[Event "Helmond Rapid op"]
[Site "Helmond"]
[Date "2025.05.03"]
[Round "9"]
[White "Moskalets, Sofiia"]
[Black "Hallibert, Emilien"]
[Result "1/2-1/2"]
[WhiteElo "2215"]
[BlackElo "1950"]
[PlyCount "60"]
[EventDate "2025.05.03"]
[EventType "swiss (rapid)"]
[EventRounds "9"]
[EventCountry "NED"]
[SourceTitle "CB19_2025"]
[SourceDate "2025.05.07"]
[SourceVersion "1"]
[SourceVersionDate "2025.05.07"]
[SourceQuality "1"]

1. e4 c6 2. d4 d5 3. e5 c5 4. dxc5 e6 5. Be3 Nd7 6. Bb5 Ne7 7. c3 Nc6 8. Bxc6 bxc6 9. Nf3 Bxc5 10. Bxc5 Nxc5 11. 0-0 0-0 12. Nbd2 Ba6 13. Re1 Nd3 14. Re3 Nxb2 15. Qc2 Rb8 16. Nd4 Qc7 17. Rh3 h6 18. f4 c5 19. N4f3 Nd3 20. Rh4 Rb2 21. Qd1 Qa5 22. c4 dxc4 23. Ne4 c3 24. Ne1 c2 25. Nf6+ Kh8 26. Rxh6+ gxh6 27. Qh5 Kg7 28. Qg4+ Kh8 29. Qh5 Kg7 30. Qg4+ Kh8 1/2-1/2

[Event "Helmond Rapid op"]
[Site "Helmond"]
[Date "2025.05.03"]
[Round "6"]
[White "Taams, Lisanne"]
[Black "Moskalets, Sofiia"]
[Result "0-1"]
[WhiteElo "2078"]
[BlackElo "2215"]
[PlyCount "144"]
[EventDate "2025.05.03"]
[EventType "swiss (rapid)"]
[EventRounds "9"]
[EventCountry "NED"]
[SourceTitle "CB19_2025"]
[SourceDate "2025.05.07"]
[SourceVersion "1"]
[SourceVersionDate "2025.05.07"]
[SourceQuality "1"]

1. Nf3 Nf6 2. c4 g6 3. Nc3 Bg7 4. e4 d6 5. Be2 0-0 6. 0-0 e5 7. d3 c6 8. b4 Nh5 9. Bg5 Qe8 10. b5 Nf4 11. Rb1 Nd7 12. Bxf4 exf4 13. d4 c5 14. Nd5 Qd8 15. Nxf4 cxd4 16. Nd5 Nc5 17. Nxd4 Nxe4 18. Bf3 Nc5 19. Re1 Qh4 20. Ne2 Bf5 21. Ng3 Bxb1 22. Qxb1 Qxc4 23. Re7 Rae8 24. Rc7 Qd4 25. Ne3 Qd2 26. Bxb7 Qa5 27. b6 Qxb6 28. Qxb6 axb6 29. Bd5 Bd4 30. Ngf1 Ne6 31. Rc4 Bc5 32. Ng4 Kg7 33. h4 h5 34. Ngh2 b5 35. Rc2 b4 36. Nf3 Nd4 37. Nxd4 Bxd4 38. Ng3 Re5 39. Bb3 Bc5 40. Kh2 Rfe8 41. f4 Re1 42. f5 R8e7 43. Rd2 R7e3 44. Rd5 Rc3 45. Rd2 Be3 46. Re2 Rxe2 47. Nxe2 Rd3 48. fxg6 fxg6 49. Kh3 Bf4+ 50. g3 Be5 51. Kg2 Kf6 52. Bc4 Rd2 53. Kf3 d5 54. Bb3 d4 55. Bc4 Rc2 56. Bd3 Rxa2 57. g4 hxg4+ 58. Ke4 g3 59. Ng1 g2 60. Nf3 Bh2 61. Nxh2 g1Q 62. Nf3 Qe3+ 63. Kd5 Qxf3+ 64. Be4 Qb3+ 65. Kxd4 Rd2+ 66. Kc5 Qe3+ 67. Kb5 Qxe4 68. h5 Rd5+ 69. Ka4 b3+ 70. Ka3 b2 71. hxg6 b1R 72. g7 Ra5# 0-1

[Event "Wch U16 Girls blitz"]
[Site "Terme Catez"]
[Date "2024.12.16"]
[Round "2"]
[White "Gaszka, Zuzanna"]
[Black "Moskalets, Sofiia"]
[Result "0-1"]
[WhiteElo "1748"]
[BlackElo "1998"]
[PlyCount "68"]
[EventDate "2024.12.16"]
[EventType "swiss (blitz)"]
[EventRounds "22"]
[EventCountry "SLO"]
[SourceTitle "CB51_2024"]
[SourceDate "2024.12.18"]
[SourceVersion "1"]
[SourceVersionDate "2024.12.18"]
[SourceQuality "1"]

1. e4 c5 2. Nf3 Nc6 3. Bb5 Na5 4. 0-0 a6 5. Be2 e6 6. c3 b5 7. d4 cxd4 8. cxd4 Bb7 9. Bd3 Qc7 10. Bd2 Nf6 11. Re1 Nc4 12. b3 Nb2 13. Qe2 Nxd3 14. Qxd3 Rc8 15. Nc3 Be7 16. Rac1 Qd8 17. Bg5 0-0 18. Nd2 h6 19. Bh4 Re8 20. f3 Qb6 21. Kh1 Nxe4 22. Rxe4 Bxe4 23. Qxe4 d5 24. Qg4 Bxh4 25. Qxh4 b4 26. Ne2 Rxc1+ 27. Nxc1 Qc7 28. Qe1 Rc8 29. Nd3 Qc3 30. Qe3 Qa1+ 31. Qg1 Qxa2 32. Qd1 Rc2 33. Nf1 Rxg2 34. Nxb4 Qf2 0-1

[Event "Wch U16 Girls blitz"]
[Site "Terme Catez"]
[Date "2024.12.16"]
[Round "13"]
[White "Moskalets, Sofiia"]
[Black "Hajdinic, Ema"]
[Result "1-0"]
[WhiteElo "1998"]
[BlackElo "1993"]
[PlyCount "101"]
[EventDate "2024.12.16"]
[EventType "swiss (blitz)"]
[EventRounds "22"]
[EventCountry "SLO"]
[SourceTitle "CB51_2024"]
[SourceDate "2024.12.18"]
[SourceVersion "1"]
[SourceVersionDate "2024.12.18"]
[SourceQuality "1"]

1. d4 Nf6 2. Nc3 d5 3. Bf4 a6 4. e3 c5 5. Nf3 Nc6 6. Be2 e6 7. 0-0 cxd4 8. exd4 Be7 9. a3 b5 10. Ne5 Bb7 11. Nxc6 Bxc6 12. Bd3 Ne4 13. Qe1 Nxc3 14. Qxc3 Rc8 15. Qd2 Bf6 16. c3 0-0 17. Rfe1 a5 18. Bc2 Qb6 19. Qd3 g6 20. Bh6 Bg7 21. Bf4 b4 22. axb4 axb4 23. Bd6 Bb5 24. Qg3 Rfd8 25. Bxb4 Bxd4 26. Ba5 Qc6 27. Bxd8 Rxd8 28. Qh4 Bb6 29. Ba4 Qc5 30. Bxb5 Qxb5 31. Qb4 Qxb4 32. cxb4 Bd4 33. Ra4 Bxb2 34. Rb1 Be5 35. b5 d4 36. Kf1 d3 37. Ke1 Bc3+ 38. Kd1 e5 39. b6 e4 40. b7 Be5 41. Ra8 Rb8 42. Rxb8+ Bxb8 43. Rc1 Kg7 44. Rc8 Be5 45. b8Q Bxb8 46. Rxb8 f5 47. Kd2 Kf6 48. Ke3 Ke5 49. Rb5+ Kf6 50. f3 exf3 51. Kxf3 1-0

[Event "Wch U16 Girls blitz"]
[Site "Terme Catez"]
[Date "2024.12.16"]
[Round "17"]
[White "Moskalets, Sofiia"]
[Black "Nguyen, Binh Vy"]
[Result "1-0"]
[WhiteElo "1998"]
[BlackElo "1911"]
[PlyCount "65"]
[EventDate "2024.12.16"]
[EventType "swiss (blitz)"]
[EventRounds "22"]
[EventCountry "SLO"]
[SourceTitle "CB51_2024"]
[SourceDate "2024.12.18"]
[SourceVersion "1"]
[SourceVersionDate "2024.12.18"]
[SourceQuality "1"]

1. d4 Nf6 2. Nc3 g6 3. e4 d6 4. Be3 Bg7 5. f3 0-0 6. Qd2 Nbd7 7. 0-0-0 c6 8. g4 b5 9. h4 b4 10. Nce2 Qa5 11. Kb1 Nb6 12. Nc1 Be6 13. h5 Na4 14. Nb3 Qc7 15. hxg6 fxg6 16. Bh6 Bxh6 17. Qxh6 Rf7 18. Nh3 Rg7 19. Ng5 Qd7 20. Na5 d5 21. e5 Nxg4 22. fxg4 Bxg4 23. Re1 Rf8 24. Bh3 Bxh3 25. Qxh3 Rf5 26. e6 Qd6 27. Nf7 Qf4 28. Nh6+ Kh8 29. Nxf5 gxf5 30. Qe3 Qg4 31. Qe5 Qg3 32. Qxg3 Rxg3 33. Nxc6 1-0

[Event "Wch U16 Girls blitz"]
[Site "Terme Catez"]
[Date "2024.12.16"]
[Round "11"]
[White "Moskalets, Sofiia"]
[Black "Szarvas, Nora Orsolya"]
[Result "0-1"]
[WhiteElo "1998"]
[BlackElo "1963"]
[PlyCount "107"]
[EventDate "2024.12.16"]
[EventType "swiss (blitz)"]
[EventRounds "22"]
[EventCountry "SLO"]
[SourceTitle "CB51_2024"]
[SourceDate "2024.12.18"]
[SourceVersion "1"]
[SourceVersionDate "2024.12.18"]
[SourceQuality "1"]

1. e4 c5 2. Nf3 d6 3. d4 cxd4 4. Nxd4 Nf6 5. Nc3 Nc6 6. Bg5 e6 7. Qd2 Be7 8. f4 a6 9. 0-0-0 h6 10. Bxf6 Bxf6 11. Nxc6 bxc6 12. Qxd6 Qb6 13. e5 Be7 14. Qd4 Bc5 15. Qe4 Qb7 16. Kb1 Rb8 17. b3 Bb4 18. Na4 Bd7 19. Bc4 Qa7 20. Qd3 a5 21. f5 exf5 22. Bxf7+ Kxf7 23. Qxd7+ Qxd7 24. Rxd7+ Ke6 25. Rhd1 g5 26. Nb2 Kxe5 27. Nc4+ Kf6 28. Rc7 Rbc8 29. Rdd7 Rxc7 30. Rxc7 c5 31. a3 Bc3 32. Ne3 Bd4 33. Nd5+ Ke5 34. c4 Kd6 35. Ra7 Re8 36. Ra6+ Kd7 37. Rxh6 Re1+ 38. Kc2 Re2+ 39. Kd3 Rxg2 40. Rh7+ Kd6 41. Rh6+ Kd7 42. Rh7+ Ke6 43. Rh6+ Kf7 44. a4 Rb2 45. Rh7+ Kg6 46. Rb7 Rxh2 47. Ne7+ Kf6 48. Nd5+ Ke6 49. Rb6+ Kd7 50. Rb7+ Kc8 51. Rf7 Rh3+ 52. Kc2 f4 53. Nb6+ Kd8 54. Nd5 0-1

[Event "Wch U16 Girls blitz"]
[Site "Terme Catez"]
[Date "2024.12.16"]
[Round "6"]
[White "Moskalets, Sofiia"]
[Black "Volchkova, Alena"]
[Result "1-0"]
[WhiteElo "1998"]
[BlackElo "2022"]
[PlyCount "73"]
[EventDate "2024.12.16"]
[EventType "swiss (blitz)"]
[EventRounds "22"]
[EventCountry "SLO"]
[SourceTitle "CB51_2024"]
[SourceDate "2024.12.18"]
[SourceVersion "1"]
[SourceVersionDate "2024.12.18"]
[SourceQuality "1"]

1. d4 Nf6 2. Nc3 c5 3. d5 e6 4. e4 exd5 5. e5 Ng8 6. Qxd5 Nc6 7. Nf3 Nge7 8. Qxc5 Ng6 9. Qd5 Bb4 10. Bc4 0-0 11. 0-0 Bxc3 12. bxc3 h6 13. Ba3 Nce7 14. Qe4 Kh8 15. Bd6 Qa5 16. Nd4 Qxc3 17. Bd3 Re8 18. h4 Nc6 19. Nxc6 dxc6 20. h5 f5 21. Qe3 Ne7 22. f4 Nd5 23. Qg3 Qd4+ 24. Kh1 Be6 25. Rab1 b6 26. Rbd1 Ne3 27. c3 Nxf1 28. Rxf1 Qxc3 29. Rf3 Rad8 30. Qg6 Qe1+ 31. Kh2 c5 32. Bb5 Rg8 33. Rh3 Bd5 34. Be7 Rc8 35. Bf6 Qg3+ 36. Rxg3 Rc7 37. Qxh6# 1-0

[Event "Wch U16 Girls blitz"]
[Site "Terme Catez"]
[Date "2024.12.16"]
[Round "15"]
[White "Sekova, Olivia"]
[Black "Moskalets, Sofiia"]
[Result "1-0"]
[WhiteElo "1903"]
[BlackElo "1998"]
[PlyCount "107"]
[EventDate "2024.12.16"]
[EventType "swiss (blitz)"]
[EventRounds "22"]
[EventCountry "SLO"]
[SourceTitle "CB51_2024"]
[SourceDate "2024.12.18"]
[SourceVersion "1"]
[SourceVersionDate "2024.12.18"]
[SourceQuality "1"]

1. e4 c5 2. Nf3 Nc6 3. Nc3 e6 4. d4 cxd4 5. Nxd4 Nf6 6. Bf4 Bb4 7. Ndb5 Nxe4 8. Nc7+ Kf8 9. Qf3 d5 10. Nxa8 e5 11. Bd2 Nd4 12. Qd3 Nc5 13. Qg3 Nxc2+ 14. Kd1 Nxa1 15. Qxe5 f6 16. Qd4 Na6 17. Bxa6 Bxc3 18. Bxc3 bxa6 19. Re1 Bf5 20. Qc5+ Kf7 21. Qxa7+ Kg6 22. Nc7 d4 23. Ba5 d3 24. Re3 Bg4+ 25. f3 Bf5 26. g4 Bd7 27. h4 h5 28. Rxd3 Ba4+ 29. Kd2 Qe7 30. gxh5+ Kh6 31. Qf2 Nc2 32. Nd5 Qe5 33. Bc3 Qe6 34. Nf4 Qf5 35. Ng2 Bb5 36. Rd6 Kh7 37. a4 Re8 38. axb5 Qxb5 39. Rd3 Na1 40. Qf1 Nb3+ 41. Kc2 Na1+ 42. Qxa1 Re2+ 43. Bd2 Rxg2 44. Qa3 Qc6+ 45. Rc3 Qd5 46. Rd3 Qc4+ 47. Qc3 Qa4+ 48. Qb3 Qc6+ 49. Kb1 Rg1+ 50. Ka2 a5 51. Rc3 Qa6 52. Qc2+ f5 53. Qxf5+ Kg8 54. Rc8+ 1-0

[Event "Wch U16 Girls rapid"]
[Site "Terme Catez"]
[Date "2024.12.15"]
[Round "7"]
[White "Moskalets, Sofiia"]
[Black "Nguyen, Binh Vy"]
[Result "0-1"]
[WhiteElo "1909"]
[BlackElo "1896"]
[PlyCount "66"]
[EventDate "2024.12.14"]
[EventType "swiss (rapid)"]
[EventRounds "11"]
[EventCountry "SLO"]
[SourceTitle "CB51_2024"]
[SourceDate "2024.12.18"]
[SourceVersion "1"]
[SourceVersionDate "2024.12.18"]
[SourceQuality "1"]

1. e4 c5 2. Nf3 e6 3. b3 Nc6 4. Bb2 d6 5. d4 cxd4 6. Nxd4 Nxd4 7. Qxd4 Nf6 8. Bc4 Be7 9. 0-0 0-0 10. Bd3 Bd7 11. c4 Bc6 12. Nc3 Qa5 13. Qe3 Rfd8 14. Rfe1 a6 15. Qg3 Nh5 16. Qf3 Bf6 17. Rac1 Qg5 18. g3 Be5 19. Qg2 f5 20. f4 Bxf4 21. Rcd1 Be5 22. Qd2 f4 23. Bf1 Qg6 24. Bg2 fxg3 25. h3 Rf8 26. Rf1 Nf4 27. Qe3 Nxg2 28. Kxg2 Rf2+ 29. Rxf2 gxf2+ 30. Kxf2 Rf8+ 31. Ke1 Qg2 32. Qe2 Qg3+ 33. Kd2 Rf2 0-1

[Event "Wch U16 Girls rapid"]
[Site "Terme Catez"]
[Date "2024.12.15"]
[Round "9"]
[White "Moskalets, Sofiia"]
[Black "Sekova, Olivia"]
[Result "1-0"]
[WhiteElo "1909"]
[BlackElo "1997"]
[PlyCount "99"]
[EventDate "2024.12.14"]
[EventType "swiss (rapid)"]
[EventRounds "11"]
[EventCountry "SLO"]
[SourceTitle "CB51_2024"]
[SourceDate "2024.12.18"]
[SourceVersion "1"]
[SourceVersionDate "2024.12.18"]
[SourceQuality "1"]

1. d4 Nf6 2. Nc3 d5 3. Bf4 a6 4. e3 h6 5. Nf3 e6 6. Bd3 c5 7. 0-0 Nc6 8. Re1 Bd6 9. Bxd6 Qxd6 10. dxc5 Qxc5 11. e4 0-0 12. exd5 exd5 13. h3 Be6 14. a3 Rad8 15. Qc1 Qd6 16. Ne2 d4 17. Ng3 Qd5 18. Qf4 Qd7 19. Bf5 Nh5 20. Nxh5 Bxf5 21. Rac1 Bg6 22. Ng3 Qd6 23. Qd2 Rfe8 24. Rxe8+ Rxe8 25. Ne2 d3 26. Nf4 Be4 27. Re1 Re7 28. Nh2 Qd4 29. cxd3 Bf5 30. Rxe7 Nxe7 31. Nf3 Qd6 32. Qe3 g5 33. Ne2 Bxd3 34. Ned4 Bg6 35. h4 f6 36. hxg5 hxg5 37. Qb3+ Qd5 38. Qe3 Kf7 39. Nd2 Nf5 40. Nxf5 Bxf5 41. Qc3 Qc6 42. Qd4 Qd7 43. Qc3 Qc6 44. Qxc6 bxc6 45. Nb3 Bd3 46. Nc5 Be2 47. f3 a5 48. Kf2 Bc4 49. Nb7 a4 50. Nd6+ 1-0

[Event "Wch U16 Girls rapid"]
[Site "Terme Catez"]
[Date "2024.12.14"]
[Round "5"]
[White "Moskalets, Sofiia"]
[Black "Szarvas, Nora Orsolya"]
[Result "1-0"]
[WhiteElo "1909"]
[BlackElo "1940"]
[PlyCount "48"]
[EventDate "2024.12.14"]
[EventType "swiss (rapid)"]
[EventRounds "11"]
[EventCountry "SLO"]
[SourceTitle "CB51_2024"]
[SourceDate "2024.12.18"]
[SourceVersion "1"]
[SourceVersionDate "2024.12.18"]
[SourceQuality "1"]

1. d4 Nf6 2. Nc3 d5 3. Bf4 g6 4. h4 Bg7 5. e3 c5 6. Nf3 Nc6 7. Ne5 Nh5 8. Bh2 cxd4 9. exd4 Qb6 10. Bb5 e6 11. 0-0 0-0 12. Bxc6 bxc6 13. Na4 Qb5 14. b3 Nf6 15. Nc5 Rd8 16. Qf3 a5 17. a4 Qb6 18. Rad1 Ra7 19. g4 Re7 20. Bf4 Rf8 21. Bg5 Nxg4 22. Bxe7 Nxe5 23. dxe5 Re8 24. Bd6 Qc7 1-0

[Event "Wch U16 Girls rapid"]
[Site "Terme Catez"]
[Date "2024.12.14"]
[Round "2"]
[White "Szczotka, Klara"]
[Black "Moskalets, Sofiia"]
[Result "0-1"]
[WhiteElo "2082"]
[BlackElo "1909"]
[PlyCount "92"]
[EventDate "2024.12.14"]
[EventType "swiss (rapid)"]
[EventRounds "11"]
[EventCountry "SLO"]
[SourceTitle "CB51_2024"]
[SourceDate "2024.12.18"]
[SourceVersion "1"]
[SourceVersionDate "2024.12.18"]
[SourceQuality "1"]

1. d4 d5 2. c4 e6 3. Nc3 c5 4. cxd5 exd5 5. Nf3 Nc6 6. e3 Nf6 7. Be2 cxd4 8. Nxd4 Bc5 9. 0-0 0-0 10. Nb3 Bb6 11. Na4 Be6 12. Bf3 Ne5 13. Nxb6 Qxb6 14. Bd2 Nxf3+ 15. Qxf3 Ne4 16. Ba5 Qb5 17. Bc7 Qd7 18. Rac1 b6 19. Rfd1 Bg4 20. Qxe4 dxe4 21. Rxd7 Bxd7 22. Rd1 Bg4 23. Rd4 Rac8 24. Be5 Be6 25. h3 Rfe8 26. Bd6 Bxb3 27. axb3 Rcd8 28. Kh2 f5 29. Kg3 Kf7 30. Kf4 Ke6 31. Bc7 Rxd4 32. exd4 h6 33. h4 g5+ 34. hxg5 hxg5+ 35. Kxg5 Rg8+ 36. Kf4 Rxg2 37. Ke3 Kd5 38. Bb8 a6 39. Bc7 b5 40. Be5 Rg1 41. b4 Rb1 42. Bf6 Rxb2 43. Be7 f4+ 44. Kxf4 Rxf2+ 45. Ke3 Rf3+ 46. Ke2 Kxd4 0-1

[Event "EU-ch U16 Girls"]
[Site "Prague"]
[Date "2024.08.26"]
[Round "5"]
[White "Slusarczyk, Anna"]
[Black "Moskalets, Sofiia"]
[Result "1/2-1/2"]
[WhiteElo "1997"]
[BlackElo "2119"]
[PlyCount "75"]
[EventDate "2024.08.22"]
[EventType "swiss"]
[EventRounds "9"]
[EventCountry "CZE"]
[SourceTitle "CBM 221 Extra"]
[Source "ChessBase"]
[SourceDate "2024.09.30"]
[SourceVersion "1"]
[SourceVersionDate "2024.09.30"]
[SourceQuality "1"]

1. d4 Nf6 2. c4 g6 3. Nc3 Bg7 4. e4 d6 5. Be2 0-0 6. Be3 e5 7. d5 a5 8. h4 Na6 9. g4 Nc5 10. f3 h5 11. g5 Ne8 12. Qd2 Bd7 13. Bxc5 dxc5 14. 0-0-0 Nd6 15. a4 f6 16. Nh3 Bxh3 17. Rxh3 fxg5 18. hxg5 Rf4 19. Rg1 Bf8 20. Bd3 Qd7 21. Qh2 Bg7 22. b3 Raf8 23. Be2 Qc8 24. Nd1 c6 25. Ne3 b5 26. dxc6 bxa4 27. Nd5 Qb8 28. Nf6+ Kf7 29. Nd7 Qb4 30. Nxf8 Qc3+ 31. Kb1 Qxb3+ 32. Ka1 Qa3+ 33. Kb1 Qb3+ 34. Ka1 Qc3+ 35. Ka2 Qc2+ 36. Ka1 Qc3+ 37. Ka2 Qc2+ 38. Ka1 1/2-1/2

[Event "NED-ch U18 op"]
[Site "Hoogkerk"]
[Date "2024.05.03"]
[Round "7"]
[White "Moskalets, Sofiia"]
[Black "Smid, Jelle"]
[Result "1-0"]
[WhiteElo "2050"]
[BlackElo "1917"]
[PlyCount "79"]
[EventDate "2024.04.27"]
[EventType "swiss"]
[EventRounds "7"]
[EventCountry "NED"]
[SourceTitle "CBM 220 Extra"]
[Source "ChessBase"]
[SourceDate "2024.07.31"]
[SourceVersion "1"]
[SourceVersionDate "2024.07.31"]
[SourceQuality "1"]

1. e4 e5 2. Nf3 Nc6 3. Bb5 a6 4. Ba4 Nf6 5. d3 Bc5 6. Bxc6 dxc6 7. Qe2 Qe7 8. Nc3 Nd7 9. Bg5 f6 10. Bd2 Nf8 11. 0-0-0 Ne6 12. Be3 Nd4 13. Qd2 Be6 14. Bxd4 exd4 15. Ne2 0-0-0 16. Kb1 Bb4 17. c3 dxc3 18. Nxc3 Kb8 19. Qc2 Rhe8 20. Rhe1 Bg4 21. d4 Qf7 22. Rd3 Qg6 23. Nd2 Bc8 24. g3 f5 25. f3 fxe4 26. fxe4 Rf8 27. Nc4 Qh5 28. Ne5 Rf6 29. Rc1 Rfd6 30. Ne2 Ba5 31. Nf4 Qe8 32. Nc4 g5 33. Nxd6 cxd6 34. Ra3 Bc7 35. Nd5 cxd5 36. Qxc7+ Ka7 37. Rb3 dxe4 38. Qb6+ Ka8 39. Rxc8+ Rxc8 40. Qxb7# 1-0

[Event "NED-ch U18 op"]
[Site "Hoogkerk"]
[Date "2024.05.02"]
[Round "6"]
[White "Khatniuk, Anastasiia"]
[Black "Moskalets, Sofiia"]
[Result "0-1"]
[WhiteElo "2012"]
[BlackElo "2050"]
[PlyCount "70"]
[EventDate "2024.04.27"]
[EventType "swiss"]
[EventRounds "7"]
[EventCountry "NED"]
[SourceTitle "CBM 220 Extra"]
[Source "ChessBase"]
[SourceDate "2024.07.31"]
[SourceVersion "1"]
[SourceVersionDate "2024.07.31"]
[SourceQuality "1"]

1. e4 c5 2. Nf3 Nc6 3. Bb5 e5 4. 0-0 Bd6 5. c3 a6 6. Bxc6 dxc6 7. d4 exd4 8. cxd4 Bg4 9. dxc5 Bxc5 10. Qb3 Qb6 11. Nbd2 Nf6 12. Qxb6 Bxb6 13. Nc4 Bc7 14. Bg5 Nd7 15. Nd4 Ne5 16. Ne3 Bd7 17. Rad1 f6 18. Bh4 0-0-0 19. Ndf5 Bxf5 20. Nxf5 g5 21. Bg3 Nc4 22. Rc1 Bxg3 23. Rxc4 Be5 24. Rc2 Rd3 25. g3 Rhd8 26. Re1 Rd2 27. Re2 Rxe2 28. Rxe2 Rd1+ 29. Kg2 Rb1 30. b3 Kc7 31. h4 b5 32. hxg5 fxg5 33. Kf3 h5 34. Nh6 h4 35. Nf7 h3 0-1

[Event "NED-ch U18 op"]
[Site "Hoogkerk"]
[Date "2024.04.30"]
[Round "4"]
[White "Moskalets, Sofiia"]
[Black "Blom, Rens"]
[Result "1/2-1/2"]
[WhiteElo "2050"]
[BlackElo "1963"]
[PlyCount "95"]
[EventDate "2024.04.27"]
[EventType "swiss"]
[EventRounds "7"]
[EventCountry "NED"]
[SourceTitle "CBM 220 Extra"]
[Source "ChessBase"]
[SourceDate "2024.07.31"]
[SourceVersion "1"]
[SourceVersionDate "2024.07.31"]
[SourceQuality "1"]

1. e4 d6 2. d4 Nf6 3. Nc3 g6 4. Be3 Bg7 5. Qd2 0-0 6. f3 e5 7. 0-0-0 exd4 8. Bxd4 a6 9. g4 Nc6 10. Be3 b5 11. Bh6 Be6 12. Kb1 b4 13. Nce2 a5 14. Bxg7 Kxg7 15. Nd4 Nxd4 16. Qxd4 Kg8 17. h4 Nd7 18. g5 Ne5 19. f4 Nc6 20. Qe3 b3 21. cxb3 a4 22. Bc4 Qc8 23. Ne2 axb3 24. Bxb3 Re8 25. Bxe6 Qxe6 26. Nc3 Nb4 27. Qh3 Nxa2 28. Nd5 Qxe4+ 29. Qd3 Qa4 30. Qd4 Qxd4 31. Rxd4 Re2 32. Rhd1 Rh2 33. Nf6+ Kg7 34. Re1 Rxh4 35. Re8 Rh1+ 36. Kc2 Rh2+ 37. Rd2 Rxd2+ 38. Kxd2 Rxe8 39. Nxe8+ Kf8 40. Nxc7 Nb4 41. Kc3 Nc6 42. Nd5 Ke8 43. b4 Kd7 44. b5 Nd8 45. Kb4 Nb7 46. Kc4 Ke6 47. Ne3 f6 48. Kd4 1/2-1/2

[Event "NED-ch U18 op"]
[Site "Hoogkerk"]
[Date "2024.04.29"]
[Round "3"]
[White "Moskalets, Sofiia"]
[Black "Bakija, Alan"]
[Result "0-1"]
[WhiteElo "2050"]
[BlackElo "2101"]
[PlyCount "80"]
[EventDate "2024.04.27"]
[EventType "swiss"]
[EventRounds "7"]
[EventCountry "NED"]
[SourceTitle "CBM 220 Extra"]
[Source "ChessBase"]
[SourceDate "2024.07.31"]
[SourceVersion "1"]
[SourceVersionDate "2024.07.31"]
[SourceQuality "1"]

1. e4 d6 2. d4 Nf6 3. Nc3 e5 4. Nf3 Nbd7 5. Rg1 c6 6. g4 h6 7. Be3 Be7 8. Be2 Nf8 9. h3 Ng6 10. Qd2 Nh7 11. 0-0-0 Ng5 12. Rg3 b5 13. Bd3 a6 14. Ne2 Nxf3 15. Rxf3 Bg5 16. dxe5 dxe5 17. Qc3 Qc7 18. Kb1 Be6 19. Bc5 0-0-0 20. Rg3 Rd7 21. Nc1 Rhd8 22. Bb4 Re8 23. Nb3 Bxb3 24. axb3 Kb7 25. Ba5 Qc8 26. Ka2 Bd8 27. b4 Bxa5 28. bxa5 c5 29. Be2 Rxd1 30. Bxd1 Nf4 31. g5 h5 32. Rf3 g6 33. b3 Qc7 34. h4 Qd6 35. Rxf4 exf4 36. Qg7 Re7 37. Bf3 Qe5 38. Qf8 Rd7 39. Qg8 Qc3 40. Bd1 Qxa5+ 0-1